[Event "3. ODEM U25 2006"]
[Site "Willingen GER"]
[Date "2006.06.08"]
[Round "7"]
[White "Hauffen, Kai"]
[Black "Armbrust, Matthias"]
[Result "1/2-1/2"]
[Termination "normal"]
[Board "29"]
[WhiteElo "1218"]
[BlackElo "1739"]
[PlyCount "68"]
[EventCountry "GER"]
[EventRounds "9"]
[EventType "swiss"]
[EventDate "2006.06.03"]

1. e4 c5 2. Nf3 d6 3. d4 cxd4 4. Nxd4 Nf6 5. Nc3 Nc6 6. Be3 Ng4 7. Qd2 Nxe3 8.
Qxe3 g6 9. O-O-O Bg7 10. h4 Nxd4 11. Rxd4 Bxd4 12. Qxd4 Rg8 13. Bc4 a6 14. f4
Be6 15. Bxe6 fxe6 16. g4 Qa5 17. g5 Rc8 18. Kb1 b5 19. Rd1 Rc4 20. Qd3 Qc7 21.
f5 gxf5 22. exf5 e5 23. Qd5 Rg7 24. f6 Rf7 25. fxe7 Kxe7 26. Qa8 Qc6 27. Qa7+
Ke6 28. Qg1 Qf3 29. Rc1 Rxh4 30. g6 hxg6 31. Qxg6+ Qf6 32. Qg2 Rd4 33. Ne4 Rxe4
34. Qxe4 Rc7 1/2-1/2

[Event "3. ODEM U25 2006"]
[Site "Willingen GER"]
[Date "2006.06.08"]
[Round "7"]
[White "Bergner, Philipp"]
[Black "Weißbeck, Joachim Daniel"]
[Result "1-0"]
[Termination "normal"]
[Board "30"]
[WhiteElo "1668"]
[BlackElo "1233"]
[PlyCount "75"]
[WhiteFideId "24664839"]
[BlackFideId "4639227"]
[EventCountry "GER"]
[EventRounds "9"]
[EventType "swiss"]
[EventDate "2006.06.03"]

1. c4 f5 2. Nc3 Nf6 3. d4 g6 4. g3 Bg7 5. Bg2 O-O 6. e3 d6 7. Nge2 Qe8 8. O-O
e5 9. Qb3 Nbd7 10. c5+ Qf7 11. Qxf7+ Rxf7 12. c6 bxc6 13. Bxc6 Rb8 14. d5 Bb7
15. b4 e4 16. Rb1 Bxc6 17. dxc6 Nc5 18. bxc5 Rxb1 19. Nxb1 dxc5 20. Ba3 Re7 21.
Bxc5 Re6 22. Nd4 Re8 23. Nc3 a6 24. Rb1 Rc8 25. Rb7 Ne8 26. Ra7 Kf7 27. Rxa6
Nf6 28. Ra7 Ng4 29. Ncb5 Be5 30. Bb6 Ke8 31. Nxc7+ Bxc7 32. Rxc7 Rxc7 33. Bxc7
Nf6 34. Be5 Nd5 35. a4 Nb6 36. a5 Nc4 37. a6 Nb6 38. Bc7 1-0

[Event "3. ODEM U25 2006"]
[Site "Willingen GER"]
[Date "2006.06.08"]
[Round "7"]
[White "Müller, Alexander"]
[Black "Völz, Michael"]
[Result "1/2-1/2"]
[Termination "normal"]
[Board "31"]
[WhiteElo "1469"]
[BlackElo "1629"]
[PlyCount "107"]
[WhiteFideId "4624696"]
[BlackFideId "24640107"]
[EventCountry "GER"]
[EventRounds "9"]
[EventType "swiss"]
[EventDate "2006.06.03"]

1. e4 e5 2. Nf3 Nc6 3. Bc4 Bc5 4. b4 Bxb4 5. c3 Be7 6. d4 Na5 7. Nxe5 Nxc4 8.
Nxc4 d5 9. exd5 Qxd5 10. Ne3 Qd8 11. O-O c6 12. Re1 Nf6 13. Bb2 O-O 14. Nd2 Be6
15. f4 Nd5 16. Nxd5 cxd5 17. Qe2 Bd6 18. g3 Qc7 19. Qf3 g6 20. Nf1 Qd7 21. Ne3
Bc7 22. Rf1 f5 23. Rfe1 Rae8 24. Nc2 Ba5 25. Ba3 Rf6 26. Bb4 Qa4 27. Bxa5 Qxc2
28. Qd1 Qxd1 29. Raxd1 b6 30. Bb4 Kf7 31. Bd6 Bd7 32. Rxe8 Bxe8 33. Be5 Rc6 34.
Rc1 b5 35. a3 a5 36. Kf2 Ke7 37. Ke3 b4 38. axb4 axb4 39. Kd2 b3 40. Rb1 Rb6
41. Kc1 Ba4 42. Kb2 Kd7 43. Rc1 Rc6 44. Ra1 Rc4 45. Re1 Kc6 46. Bf6 Kb7 47. Re5
Rc6 48. Re7+ Rc7 49. Kc1 Rxe7 50. Bxe7 Kc6 51. Ba3 Kb5 52. Kd2 h5 53. h4 Kc4
54. Bb2 1/2-1/2

[Event "3. ODEM U25 2006"]
[Site "Willingen GER"]
[Date "2006.06.08"]
[Round "7"]
[White "Zimmerer, David"]
[Black "Mertens, Fridolin"]
[Result "0-1"]
[Termination "normal"]
[Board "32"]
[WhiteElo "1226"]
[BlackElo "1694"]
[PlyCount "70"]
[WhiteFideId "4620224"]
[BlackFideId "24671940"]
[EventCountry "GER"]
[EventRounds "9"]
[EventType "swiss"]
[EventDate "2006.06.03"]

1. e4 c5 2. Nf3 d6 3. d4 cxd4 4. Nxd4 Nf6 5. Nc3 a6 6. Bc4 e6 7. Bb3 b5 8. a3
Bb7 9. f3 Be7 10. Be3 O-O 11. O-O d5 12. e5 Nfd7 13. f4 Nc5 14. Kh1 Nc6 15.
Nxc6 Bxc6 16. Ba2 a5 17. Ne2 b4 18. Nd4 Bb7 19. axb4 axb4 20. Bb3 Qb6 21. Qe2
Ba6 22. c4 bxc3 23. Rxa6 Rxa6 24. bxc3 Rfa8 25. Bc2 Qc7 26. Qh5 h6 27. g4 Ne4
28. g5 hxg5 29. fxg5 g6 30. Qh6 Ra1 31. Rxa1 Rxa1+ 32. Kg2 Qxc3 33. Nxe6 Qxc2+
34. Kh3 Nf2+ 35. Bxf2 Qf5+ 0-1

[Event "3. ODEM U25 2006"]
[Site "Willingen GER"]
[Date "2006.06.08"]
[Round "7"]
[White "Kabitzke, Julian"]
[Black "Emde, Daniel"]
[Result "1/2-1/2"]
[Termination "normal"]
[Board "33"]
[WhiteElo "1363"]
[BlackElo "1636"]
[PlyCount "131"]
[WhiteFideId "24669547"]
[BlackFideId "24602221"]
[EventCountry "GER"]
[EventRounds "9"]
[EventType "swiss"]
[EventDate "2006.06.03"]

1. e4 e6 2. d4 d5 3. Nc3 Nf6 4. Bg5 Bb4 5. e5 h6 6. exf6 hxg5 7. fxg7 Rg8 8.
Qh5 Qf6 9. Qh7 Qxg7 10. Qxg7 Rxg7 11. Bd3 c5 12. dxc5 Nc6 13. O-O-O Bxc5 14. f3
Bd7 15. Nge2 a6 16. a3 b5 17. h4 gxh4 18. Rxh4 Rxg2 19. Rh8+ Bf8 20. Re1 O-O-O
21. f4 Rg7 22. Na2 Kc7 23. a4 Nb4 24. Nxb4 Bxb4 25. Rxd8 Bxe1 26. Rh8 Bf2 27.
axb5 Bxb5 28. Bxb5 axb5 29. Kd2 Bc5 30. Kd3 f6 31. Rh6 Rf7 32. Nd4 Bxd4 33.
Kxd4 Kd6 34. Rh5 Rc7 35. c3 Rc4+ 36. Ke3 b4 37. cxb4 Rxb4 38. Rh6 f5 39. Rh2
Re4+ 40. Kf3 Kc5 41. Rc2+ Rc4 42. Re2 Kd6 43. Rd2 Rb4 44. Re2 Rb3+ 45. Kf2 Ke7
46. Kg2 Kd7 47. Kf2 Kd6 48. Kg2 d4 49. Kf2 d3 50. Rd2 Kd5 51. Ke3 Kc4 52. Rd1
d2+ 53. Kxd2 Rxb2+ 54. Ke3 Rb3+ 55. Kf2 Rd3 56. Re1 Rd2+ 57. Kf3 Rd3+ 58. Kf2
Kd5 59. Re2 Rd4 60. Kf3 Rd3+ 61. Kf2 Kd6 62. Re5 Rd5 63. Re3 e5 64. fxe5+ Rxe5
65. Rxe5 Kxe5 66. Ke3 1/2-1/2

[Event "3. ODEM U25 2006"]
[Site "Willingen GER"]
[Date "2006.06.08"]
[Round "7"]
[White "Weber, Andre"]
[Black "Biebinger, Eva"]
[Result "1-0"]
[Termination "normal"]
[Board "34"]
[WhiteElo "1611"]
[BlackElo "1344"]
[PlyCount "65"]
[WhiteFideId "24677515"]
[EventCountry "GER"]
[EventRounds "9"]
[EventType "swiss"]
[EventDate "2006.06.03"]

1. e4 c5 2. Nf3 Nc6 3. d4 e6 4. c4 b6 5. d5 exd5 6. exd5 Nb4 7. a3 Na6 8. d6
Qf6 9. Qe2+ Qe6 10. Bf4 Nf6 11. h3 Qxe2+ 12. Bxe2 Ne4 13. Nc3 Bxd6 14. Bxd6
Nxd6 15. O-O-O Nb7 16. Rd2 O-O 17. Nb5 Re8 18. Rhd1 h6 19. Bd3 g6 20. b3 Rd8
21. Be4 Na5 22. Bxa8 Nxb3+ 23. Kc2 Nxd2 24. Rxd2 d6 25. Kc3 Bxh3 26. Bb7 Bc8
27. Bxc8 Rxc8 28. Nxa7 Rd8 29. Nb5 Rd7 30. Rxd6 Rxd6 31. Nxd6 Nc7 32. Ne5 Ne6
33. Nd7 1-0

[Event "3. ODEM U25 2006"]
[Site "Willingen GER"]
[Date "2006.06.08"]
[Round "7"]
[White "Rummer, Evi"]
[Black "Vetter, Ulf"]
[Result "1-0"]
[Termination "normal"]
[Board "35"]
[WhiteElo "1530"]
[BlackElo "1376"]
[PlyCount "79"]
[WhiteFideId "12900117"]
[EventCountry "GER"]
[EventRounds "9"]
[EventType "swiss"]
[EventDate "2006.06.03"]

1. e4 e6 2. d4 d5 3. e5 c5 4. Nf3 Nc6 5. Bb5 Bd7 6. O-O Qb6 7. Bxc6 Bxc6 8. Nc3
Ne7 9. Ne2 Nf5 10. c3 Be7 11. b3 O-O 12. Rb1 Rfc8 13. Bd2 Rc7 14. b4 cxb4 15.
cxb4 Bb5 16. Be3 Qa6 17. Re1 Rac8 18. Nc1 Nxe3 19. Rxe3 Bxb4 20. h3 Ba4 21. Nb3
Bxb3 22. Rexb3 Be7 23. Kh2 b6 24. Nd2 Rc2 25. a3 Qa5 26. Rd3 R8c3 27. Nb3 Qxa3
28. Qf3 Rxd3 29. Qxd3 Rxf2 30. Qe3 Qa2 31. Rg1 a5 32. Nc1 Qd2 33. Qg3 a4 34.
Nd3 Re2 35. Nc1 b5 36. Nxe2 Qxe2 37. Rc1 Qb2 38. Qg5 Qxd4 39. Rc8+ Bf8 40.
Rxf8+ 1-0

[Event "3. ODEM U25 2006"]
[Site "Willingen GER"]
[Date "2006.06.08"]
[Round "7"]
[White "Schäfer, Simon"]
[Black "Berger, Manuel"]
[Result "1-0"]
[Termination "normal"]
[Board "36"]
[WhiteElo "1488"]
[BlackElo "1129"]
[PlyCount "47"]
[BlackFideId "24692506"]
[EventCountry "GER"]
[EventRounds "9"]
[EventType "swiss"]
[EventDate "2006.06.03"]

1. d4 d5 2. c4 e6 3. Nc3 Nf6 4. Bg5 Nbd7 5. Nf3 c6 6. e3 Qa5 7. cxd5 cxd5 8. a3
Ne4 9. Qc2 Nxg5 10. Nxg5 Be7 11. Nf3 a6 12. Bd3 b5 13. O-O Bb7 14. Bxh7 g6 15.
Bxg6 fxg6 16. Qxg6+ Kd8 17. Qxe6 Nf8 18. Qf5 Ke8 19. Nxd5 Bxd5 20. Qxd5 Rd8 21.
Qc6+ Kf7 22. b4 Qa4 23. Ne5+ Kg8 24. Qf3 1-0

[Event "3. ODEM U25 2006"]
[Site "Willingen GER"]
[Date "2006.06.08"]
[Round "7"]
[White "Wenninger, Philipp"]
[Black "Wisheckel, Florian"]
[Result "0-1"]
[Termination "normal"]
[Board "37"]
[WhiteElo "1021"]
[BlackElo "1482"]
[PlyCount "68"]
[WhiteFideId "4648404"]
[BlackFideId "24678090"]
[EventCountry "GER"]
[EventRounds "9"]
[EventType "swiss"]
[EventDate "2006.06.03"]

1. d4 d5 2. c4 e6 3. Nc3 Nf6 4. Nf3 Bb4 5. a3 Bxc3+ 6. bxc3 O-O 7. e3 dxc4 8.
Bxc4 b6 9. O-O Bb7 10. Qb3 Nc6 11. e4 Na5 12. Qa2 Nxe4 13. Re1 Nxc3 14. Qc2
Nxc4 15. Qxc3 Nd6 16. Bb2 Nf5 17. Nd2 Qd5 18. f3 Rac8 19. g4 Nh4 20. Re5 Nxf3+
21. Nxf3 Qxf3 22. Qxf3 Bxf3 23. h3 Bd5 24. Rc1 c5 25. dxc5 Rxc5 26. Rce1 Rc2
27. Bd4 Rg2+ 28. Kf1 Rg3 29. Rg5 f6 30. Rh5 e5 31. Bb2 Bf7 32. Rh4 g5 33. Rh6
Kg7 34. Rxh7+ Kxh7 0-1

[Event "3. ODEM U25 2006"]
[Site "Willingen GER"]
[Date "2006.06.08"]
[Round "7"]
[White "Maier, Marius"]
[Black "Gogol, Max"]
[Result "1-0"]
[Termination "normal"]
[Board "38"]
[WhiteElo "1439"]
[BlackElo "1220"]
[PlyCount "86"]
[BlackFideId "4620429"]
[EventCountry "GER"]
[EventRounds "9"]
[EventType "swiss"]
[EventDate "2006.06.03"]

1. d4 d5 2. Nf3 Nf6 3. e3 e6 4. Bd3 Bd6 5. Nbd2 O-O 6. O-O Nbd7 7. Re1 Re8 8.
e4 dxe4 9. Nxe4 Nxe4 10. Rxe4 c5 11. Rh4 g6 12. dxc5 Nxc5 13. Be3 Nxd3 14. Qxd3
Qc7 15. Rc4 Qe7 16. Rd1 Bc7 17. Qc3 Bb6 18. Bxb6 axb6 19. Rc7 Qf8 20. a3 Re7
21. Ng5 f6 22. Ne4 e5 23. Nxf6+ Qxf6 24. Rxc8+ Re8 25. Qb3+ Kh8 26. Rxa8 Rxa8
27. Rd7 Rd8 28. Qd5 Rxd7 29. Qxd7 Qf4 30. Qd1 Kg7 31. h3 Kh6 32. Qe1 Kg5 33.
Qe3 Qxe3 34. fxe3 e4 35. Kf2 Kf5 36. g4+ Kf6 37. Kg3 g5 38. Kf2 Ke5 39. Ke2 Kd5
40. Kd2 b5 41. Kc3 Kc5 42. Kb3 b6 43. Kc3 Kd5 1-0

[Event "3. ODEM U25 2006"]
[Site "Willingen GER"]
[Date "2006.06.08"]
[Round "7"]
[White "Stövesand, Peter"]
[Black "Schmalz, David"]
[Result "0-1"]
[Termination "normal"]
[Board "39"]
[WhiteElo "1050"]
[BlackElo "1809"]
[PlyCount "100"]
[WhiteFideId "1270624"]
[BlackFideId "4642228"]
[EventCountry "GER"]
[EventRounds "9"]
[EventType "swiss"]
[EventDate "2006.06.03"]

1. e4 c5 2. Nf3 e6 3. d4 cxd4 4. Nxd4 Nf6 5. Nc3 Bb4 6. Bg5 Qa5 7. Qf3 Qxg5 8.
Ndb5 Qe5 9. a3 Bxc3+ 10. Qxc3 Qxc3+ 11. bxc3 Na6 12. Nd6+ Ke7 13. e5 Ne8 14.
Nxc8+ Rxc8 15. Rb1 Nc5 16. g4 d6 17. f4 dxe5 18. fxe5 b6 19. Bg2 Nc7 20. O-O
Rcd8 21. Rf2 Nd5 22. c4 Ne3 23. Rf3 Nxg2 24. Kxg2 Rd2+ 25. Kh3 Ne4 26. Rbf1
Ng5+ 27. Kg3 Nxf3 28. Kxf3 Rhd8 29. h4 Rxc2 30. g5 Rd3+ 31. Ke4 Rxa3 32. Kd4
Ra4 33. Kd3 Rcxc4 34. h5 Rh4 35. g6 Ra3+ 36. Kc2 Rh2+ 37. Kb1 fxg6 38. hxg6
hxg6 39. Rf4 Re3 40. Rc4 Re1+ 41. Rc1 Rxc1+ 42. Kxc1 Kd7 43. Kd1 Kc6 44. Ke1
Kd5 45. Kf1 Ke4 46. Kg1 Re2 47. Kf1 Kf3 48. Kg1 Re1+ 49. Kh2 Ra1 50. Kh3 Rh1#
0-1

[Event "3. ODEM U25 2006"]
[Site "Willingen GER"]
[Date "2006.06.08"]
[Round "7"]
[White "Wierum, Colin"]
[Black "Heinrich, Philipp"]
[Result "1-0"]
[Termination "normal"]
[Board "40"]
[WhiteElo "1459"]
[BlackElo "1180"]
[PlyCount "63"]
[WhiteFideId "24677981"]
[EventCountry "GER"]
[EventRounds "9"]
[EventType "swiss"]
[EventDate "2006.06.03"]

1. e4 e5 2. Bc4 Nf6 3. d3 Be7 4. Nc3 c6 5. Bg5 O-O 6. Qd2 Nxe4 7. Nxe4 d5 8.
Bxe7 Qxe7 9. Bxd5 cxd5 10. Nc3 Be6 11. Nge2 Nc6 12. O-O d4 13. Ne4 b5 14. f4 f5
15. N4g3 a5 16. fxe5 Nxe5 17. Nxd4 Qc5 18. Qf2 Ng4 19. Nxe6 Qxf2+ 20. Rxf2 Nxf2
21. Nxf8 Rxf8 22. Kxf2 g5 23. Re1 f4 24. Ne4 h6 25. h3 Kg7 26. Kf3 Kg6 27. Nf2
Rf6 28. Re5 Rf5 29. Rxf5 Kxf5 30. d4 h5 31. c3 Ke6 32. Ke4 1-0

[Event "3. ODEM U25 2006"]
[Site "Willingen GER"]
[Date "2006.06.08"]
[Round "7"]
[White "Worpenberg, Matthias"]
[Black "Naundorf, Jo-Jan"]
[Result "1-0"]
[Termination "normal"]
[Board "42"]
[WhiteElo "951"]
[BlackElo "1244"]
[PlyCount "37"]
[WhiteFideId "24618128"]
[EventCountry "GER"]
[EventRounds "9"]
[EventType "swiss"]
[EventDate "2006.06.03"]

1. e4 c5 2. Nf3 d6 3. d4 cxd4 4. Nxd4 Nf6 5. Nc3 g6 6. Bf4 Bg7 7. Qd2 O-O 8.
Nb3 Nc6 9. O-O-O Be6 10. Bh6 a6 11. Be2 b5 12. h4 b4 13. Na4 Nxe4 14. Qe3 Bxh6
15. Qxh6 Nxf2 16. h5 Nxd1 17. hxg6 Re8 18. Qxh7+ Kf8 19. Qh8# 1-0

[Event "3. ODEM U25 2006"]
[Site "Willingen GER"]
[Date "2006.06.08"]
[Round "7"]
[White "Imcke, Patrick"]
[Black "Dräger, Julian"]
[Result "1-0"]
[Termination "normal"]
[Board "43"]
[WhiteElo "1186"]
[BlackElo "1125"]
[PlyCount "57"]
[WhiteFideId "4622502"]
[EventCountry "GER"]
[EventRounds "9"]
[EventType "swiss"]
[EventDate "2006.06.03"]

1. e4 e5 2. Nf3 Nc6 3. Bb5 a6 4. Bxc6 dxc6 5. O-O Bd6 6. d4 Bg4 7. Be3 Nf6 8.
Nc3 Bxf3 9. gxf3 g5 10. Ne2 h5 11. Bxg5 Rg8 12. h4 Qd7 13. Ng3 Nh7 14. Kh2 Nxg5
15. hxg5 Rxg5 16. dxe5 Rxe5 17. c3 a5 18. Rh1 h4 19. Kg2 hxg3 20. Rh8+ Bf8 21.
Rxf8+ Ke7 22. Qxd7+ Kxd7 23. Rxa8 Kd6 24. fxg3 Rc5 25. Rd1+ Ke7 26. Rc8 b5 27.
Rxc7+ Kf6 28. Rd6+ Kg7 29. Rcxc6 1-0

[Event "3. ODEM U25 2006"]
[Site "Willingen GER"]
[Date "2006.06.08"]
[Round "7"]
[White "Scheidel, Marius"]
[Black "Durmisi, Valon"]
[Result "1/2-1/2"]
[Termination "normal"]
[Board "44"]
[WhiteElo "1014"]
[BlackElo "1570"]
[PlyCount "88"]
[EventCountry "GER"]
[EventRounds "9"]
[EventType "swiss"]
[EventDate "2006.06.03"]

1. d4 Nf6 2. Bf4 d6 3. e3 g6 4. Nd2 Bg7 5. h3 Nbd7 6. Ngf3 c5 7. c3 a6 8. a4
O-O 9. Bh2 b6 10. Be2 Bb7 11. Qc2 Rc8 12. O-O Re8 13. Rfe1 e5 14. dxe5 Nxe5 15.
Nxe5 dxe5 16. Nc4 Nd7 17. Nd6 Qc7 18. Nxc8 Rxc8 19. Red1 Nf8 20. Bd3 Re8 21.
Be4 Bc8 22. Rd3 Qe7 23. Bc6 Bd7 24. Bxd7 Nxd7 25. Rad1 Nf6 26. Rd6 Rb8 27. Qd3
Bf8 28. Rd8 Rb7 29. Qxa6 Ra7 30. Qxb6 Rb7 31. Qc6 Rxb2 32. Bg3 Nh5 33. Qd6 Qxd6
34. R1xd6 Nxg3 35. fxg3 Kg7 36. Rd5 Ra2 37. Ra8 Be7 38. Rxe5 Bd6 39. Rd5 Bxg3
40. Kf1 Rf2+ 41. Kg1 Rc2 42. Rd1 Bf2+ 43. Kh1 Rxc3 44. Ra1 Bxe3 1/2-1/2

[Event "3. ODEM U25 2006"]
[Site "Willingen GER"]
[Date "2006.06.08"]
[Round "7"]
[White "Usov, Andreas"]
[Black "Lebeda, Lukas"]
[Result "0-1"]
[Termination "normal"]
[Board "45"]
[WhiteElo "1126"]
[BlackElo "1253"]
[PlyCount "132"]
[WhiteFideId "24601713"]
[EventCountry "GER"]
[EventRounds "9"]
[EventType "swiss"]
[EventDate "2006.06.03"]

1. e4 c5 2. Nf3 g6 3. Nc3 Bg7 4. Bb5 a6 5. Ba4 b5 6. Bxb5 axb5 7. Nxb5 d6 8. d4
cxd4 9. Nbxd4 Nf6 10. Bg5 O-O 11. Qd2 Nxe4 12. Qe3 Nxg5 13. Nxg5 Qa5+ 14. c3
Bxd4 15. Qxe7 Qe5+ 16. Qxe5 Bxe5 17. O-O Bb7 18. a3 h6 19. Nf3 Bxf3 20. gxf3
Nc6 21. Ra2 Rfb8 22. b4 Bxc3 23. Rc2 Bxb4 24. axb4 Nxb4 25. Rd2 d5 26. Rd4 Rb5
27. Rfd1 Kg7 28. Kg2 Rab8 29. Kg3 Ra5 30. Rh4 Nc6 31. Rf4 Ne7 32. Kh3 Nf5 33.
Rg1 d4 34. Rd1 Rd8 35. Re4 d3 36. Kg2 Rad5 37. Kf1 Rd4 38. Rg4 h5 39. Rg3 Nxg3+
40. fxg3 d2 41. Kf2 Re8 42. h3 Rd3 43. g4 Ree3 44. gxh5 Rxf3+ 45. Ke2 gxh5 46.
h4 Rh3 47. Rg1+ Rhg3 48. Rh1 Rg2+ 49. Kxd3 Kf6 50. Rf1+ Ke6 51. Rh1 f5 52. Ke3
Ke5 53. Kf3 Rg8 54. Ke2 Rd8 55. Kd1 f4 56. Rg1 Rd5 57. Rg5+ Ke4 58. Rg8 f3 59.
Re8+ Kf4 60. Rg8 f2 61. Rf8+ Kg3 62. Rf7 Rd4 63. Rf6 Rf4 64. Re6 f1=Q+ 65. Kxd2
Rf3 66. Rg6+ Kxh4 0-1

[Event "3. ODEM U25 2006"]
[Site "Willingen GER"]
[Date "2006.06.08"]
[Round "7"]
[White "Tsoumanis, Konstantinos"]
[Black "Kahleys, Kevin"]
[Result "0-1"]
[Termination "normal"]
[Board "46"]
[WhiteElo "1322"]
[BlackElo "1448"]
[PlyCount "114"]
[BlackFideId "24669601"]
[EventCountry "GER"]
[EventRounds "9"]
[EventType "swiss"]
[EventDate "2006.06.03"]

1. Nf3 e6 2. c4 d5 3. cxd5 exd5 4. d4 Nf6 5. Nc3 c6 6. Bg5 h6 7. Bh4 Be7 8. e3
Qb6 9. Qc1 Bf5 10. Ne5 Nbd7 11. Nd3 O-O 12. Be2 Rfe8 13. O-O Ne4 14. Bxe7 Rxe7
15. Nxe4 Bxe4 16. Nc5 Nxc5 17. Qxc5 Qxc5 18. dxc5 Rd8 19. Rfd1 Red7 20. Rd4 Kf8
21. Rad1 b6 22. b4 bxc5 23. bxc5 Ke7 24. Bd3 Bxd3 25. R1xd3 Rb7 26. Rb3 Rxb3
27. axb3 Rb8 28. Rd3 a5 29. Kf1 Rb5 30. Rc3 Ke6 31. Ke2 g5 32. h4 Ke5 33. Kd3
Kf5 34. hxg5 hxg5 35. f3 Ke5 36. g3 f6 37. f4+ Kf5 38. fxg5 fxg5 39. g4+ Ke5
40. Kc2 Rb4 41. Kd3 Rxg4 42. Ke2 d4 43. exd4+ Rxd4 44. Kf3 Kd5 45. Kg3 Rf4 46.
Rc2 Kd4 47. Ra2 Rf5 48. Rxa5 Rxc5 49. Ra6 Kd5 50. Kg4 Kd6 51. Rb6 Rb5 52. Rxb5
cxb5 53. Kxg5 Kc5 54. Kf4 Kb4 55. Ke3 Kxb3 56. Kd2 Kb2 57. Kd3 b4 0-1

[Event "3. ODEM U25 2006"]
[Site "Willingen GER"]
[Date "2006.06.08"]
[Round "7"]
[White "Plumbaum, Nadja"]
[Black "Gussenberg, Torben"]
[Result "1-0"]
[Termination "normal"]
[Board "47"]
[WhiteElo "971"]
[BlackElo "1140"]
[PlyCount "55"]
[WhiteFideId "24691941"]
[EventCountry "GER"]
[EventRounds "9"]
[EventType "swiss"]
[EventDate "2006.06.03"]

1. c4 e5 2. Nc3 Nf6 3. d3 d5 4. cxd5 Nxd5 5. Nf3 f6 6. g3 Be6 7. Bg2 Qd7 8. O-O
Nc6 9. Bd2 Be7 10. Rb1 O-O-O 11. a3 Bh3 12. Nxd5 Bxg2 13. Nxe7+ Nxe7 14. Kxg2
g5 15. Bc3 h5 16. Qb3 h4 17. Rh1 h3+ 18. Kf1 g4 19. Nd2 Qc6 20. Rg1 Ng6 21. Rc1
Qd7 22. Qc4 Rh7 23. Ne4 f5 24. Nf6 Qe7 25. Nxh7 Qxh7 26. Qe6+ Kb8 27. Qxf5 Qh6
28. e3 1-0

[Event "3. ODEM U25 2006"]
[Site "Willingen GER"]
[Date "2006.06.08"]
[Round "7"]
[White "Brühan, Jan"]
[Black "Holle, Eric"]
[Result "0-1"]
[Termination "normal"]
[Board "49"]
[WhiteElo "1007"]
[BlackElo "878"]
[PlyCount "98"]
[BlackFideId "4624610"]
[EventCountry "GER"]
[EventRounds "9"]
[EventType "swiss"]
[EventDate "2006.06.03"]

1. e4 e5 2. Nf3 Nc6 3. Bc4 Bc5 4. Nc3 Nf6 5. d3 O-O 6. Bg5 h6 7. Bh4 d6 8. h3
Be6 9. O-O Nd4 10. Nxd4 Bxd4 11. Qd2 Nxe4 12. Nxe4 Qxh4 13. Bxe6 fxe6 14. c3
Bb6 15. b4 d5 16. a4 a6 17. Nc5 Bxc5 18. bxc5 Rf5 19. Qe2 Rg5 20. Qf3 Rf8 21.
Qe3 d4 22. cxd4 exd4 23. Qxe6+ Kh8 24. Rab1 Rf3 25. Qe8+ Kh7 26. Qe4+ Qxe4 27.
dxe4 Rxh3 28. f3 Rhh5 29. g4 Rh4 30. Rf2 Rxc5 31. Kg2 h5 32. Kg3 g5 33. f4
Rxg4+ 34. Kh3 Rc3+ 35. Kh2 gxf4 36. Rxb7 Rh4+ 37. Kg2 Rg3+ 38. Kf1 f3 39. Rxc7+
Kg6 40. Ke1 Rxe4+ 41. Kf1 Rh3 42. Kg1 Re1+ 43. Rf1 Rg3+ 44. Kf2 Rxf1+ 45. Kxf1
Kf5 46. Ra7 h4 47. Rxa6 h3 48. Ra8 h2 49. Rh8 Rg1+ 0-1

[Event "3. ODEM U25 2006"]
[Site "Willingen GER"]
[Date "2006.06.08"]
[Round "7"]
[White "Neumair, Dorian"]
[Black "Alt, Johannes"]
[Result "1-0"]
[Termination "normal"]
[Board "50"]
[WhiteElo "950"]
[BlackElo "677"]
[PlyCount "57"]
[BlackFideId "24661074"]
[EventCountry "GER"]
[EventRounds "9"]
[EventType "swiss"]
[EventDate "2006.06.03"]

1. e4 e5 2. Nf3 Nc6 3. Bc4 Nf6 4. Nc3 Bc5 5. d3 d6 6. Be3 Bg4 7. Ne2 Bxf3 8.
gxf3 h6 9. Qd2 O-O 10. Bxh6 Nd4 11. Nxd4 Bxd4 12. O-O-O c6 13. Qg5 Ne8 14. Qg4
Bxf2 15. Rhf1 Qh4 16. Qg2 Qxh6+ 17. Kb1 Bd4 18. c3 Qg6 19. Qxg6 d5 20. Qg4 dxc4
21. cxd4 cxd3 22. h4 g6 23. h5 Nf6 24. Qg5 Nh7 25. Qg3 Nf6 26. hxg6 fxg6 27.
Qxg6+ Kh8 28. Rh1+ Nh7 29. Qxh7# 1-0